00680nam a2200181 a 4500008004100000020001500041050002200056100001700078245002600095260004200121300001600163350000900179500003700188650002600225995009200251999001700343952013800360120416s1985 ||||||||||||||||| || u a0452258111 aHF 5549.5.R44 Hal aHalf, Robert10aRobert Half on hiring aNew York:bNew American Libraryc1985 axvii, 241p. a0.00 a"A Plume book." -Includes index. aEMPLOYEES--RECRUITING D0.00FCBU-MAIN LIBRARY (Kitwe)H1I9.95UAVAILABLEZMain Library Open Access Collection c56630d56630 00102lcc4070a001b001cMain Library Open Access Collectiond2022-11-30l0oHF 5549.5.R44 Halp005379r2022-11-30w2022-11-30y002